000 00648nam a2200217Ia 4500
005 20250508170208.0
008 008 250505s9999 xx 000 0 eng d
020 _a978-1-032-25341-1
037 _aTextual
040 _aFEDL
_beng
_cFEDL
041 _aeng
_2eng
084 _a305.5, NAN
_qFEDL
100 _aNancharaiah Gummadi
_9726029
245 0 _aB R Ambedkar, economic development and dalits in post- independence India
260 _aLondon, UK
_bRoutledge
_c2022
300 _axiii, 129p.
365 _aINR
_b995
546 _aFirst South Asia edition 2022
942 _cTEXL
_h305.5, NAN
999 _c1399727
_d1399727